| 000 | 00736nam a2200265Ia 4500 | ||
|---|---|---|---|
| 001 | dia_2788 | ||
| 003 | CHAP | ||
| 005 | 20251023162340.0 | ||
| 008 | 220117s1986 xx 000 0 und d | ||
| 010 | _a173289 | ||
| 040 | _cCHAP | ||
| 082 | _a664.1 H83 1986 | ||
| 100 |
_aHugot, E. _956814 |
||
| 245 |
_aHanbook of Cane Sugar Engineering / _c by T. Hugot |
||
| 250 | _a3 ed. | ||
| 260 |
_aAmsterdan : _b Elsevier, _c1986 |
||
| 300 | _a1166P. | ||
| 400 | _aSUGAR SERIES, 7 | ||
| 500 | _aI. 168576 | ||
| 600 |
_aAzúcar - fabricación y refinación 2. Industria azucarera _9153506 |
||
| 901 | _a664.1 H83 1986 | ||
| 902 | _aM | ||
| 905 | _a0000001986 AMSA 0000000000ING00 | ||
| 942 |
_cLIBRO _2ddc |
||
| 999 |
_c173289 _d173289 |
||